00565nam a22002057a 450000500170000001000150001702000260003203500130005803500130007103700150008408200080009910000160010724500430012325000110016626000360017727000480021330000360026150000500029765000120034720170508121155.0 aENG-105649 a9788120346147c295.00 aEN-89182 aB-667840 bDBAD / PUB a530 aNaik, P.V.  aPrinciples of Physics /cby P.V. Naik  a5th ed aNew Delhi bPHI Learning c2012 aM-97, Connaught Circus,bNew Delhi e110001 axiii, 371p. :bill. c24cm(pbk) aIncludes bibligraphical references and index  aPhysics